000 00451nam a2200181Ia 4500
003 GCL
008 140319s9999 xx 000 0 eng d
040 _aGCL /
_cGCL
082 0 4 _a860
_bB M
100 1 _aBORGES, JORGE
245 1 0 _aEL MARTIN FIERRO /
_cBORGES, JORGE
260 _a[S.N] :
_bA LIANZA EDITORIAL ،
_c1982
300 _a100 P
650 0 4 _aLITERATURE
650 0 4 _aSPANISH LITERATURE
650 0 4 _aLITERARY FORM
942 _2ddc
_cBK
999 _c23933
_d23933